| 000 | 00628nam a22002057a 4500 | ||
|---|---|---|---|
| 003 | OSt | ||
| 005 | 20170117191537.0 | ||
| 008 | 170117b xxu||||| |||| 00| 0 eng d | ||
| 020 | _a0521553830 | ||
| 040 | _cDMLN | ||
| 082 | _aWM200 R25p 1999 | ||
| 100 |
_aEdITED by Patrick, D. Mcgorry; Henry J. Jackson _911411 |
||
| 245 | _aThe Recognition and Management of Early Psychosis: a preventive approach | ||
| 260 | _aCambridge University Press,1999 | ||
| 300 | _axxviii,495p; ill: 23cm | ||
| 504 | _aAppendices, & index included | ||
| 650 |
_aPsychosis _911412 |
||
| 650 |
_aPsychiatry management _911413 |
||
| 942 |
_2z _cO_SHELF |
||
| 999 |
_c5462 _d5462 |
||